The closing of the American mind : How higher education has failed democracy and impoverished today's students
In 1987, eminent political philosopher Allan Bloom published The Closing of the American Mind, an appraisal of contemporary America that “hits with the approximate force and effect of electroshock therapy” (The New York Times) and has not only been vindicated, but has also become more urgent today....
Shranjeno v:
| Glavni avtor: | |
|---|---|
| Format: | Knjiga |
| Jezik: | Undetermined |
| Izdano: |
New York
Simon & Schuster
1987
|
| Oznake: |
Označite
Brez oznak, prvi označite!
|
| Thư viện lưu trữ: | Trung tâm Học liệu Trường Đại học Cần Thơ |
|---|
| LEADER | 01096nam a2200193Ia 4500 | ||
|---|---|---|---|
| 001 | CTU_223362 | ||
| 008 | 210402s9999 xx 000 0 und d | ||
| 082 | |a 973.92 | ||
| 082 | |b B655 | ||
| 100 | |a Bloom, Allan | ||
| 245 | 4 | |a The closing of the American mind : | |
| 245 | 0 | |b How higher education has failed democracy and impoverished today's students | |
| 245 | 0 | |c Allan Bloom | |
| 260 | |a New York | ||
| 260 | |b Simon & Schuster | ||
| 260 | |c 1987 | ||
| 520 | |a In 1987, eminent political philosopher Allan Bloom published The Closing of the American Mind, an appraisal of contemporary America that “hits with the approximate force and effect of electroshock therapy” (The New York Times) and has not only been vindicated, but has also become more urgent today. In clear, spirited prose, Bloom argues that the social and political crises of contemporary America are part of a larger intellectual crisis: the result of a dangerous narrowing of curiosity and exploration by the university elites... | ||
| 904 | |i Vũ Anh, Trúc | ||
| 980 | |a Trung tâm Học liệu Trường Đại học Cần Thơ | ||